000 00578nam a2200229Ia 4500
005 20250425162004.0
008 250425s9999 xx 000 0 und d
020 _a9509065692
041 _aspa
043 _aag
082 _a340.03
100 _aCABANELLAS, GUILLERMO
245 0 _aDICCIONARIO ENCICLOPEDICO DE DERECHO USUAL: F - I (TOMO IV)
250 _a26A ED.
260 _aArgentina
_bHELIASTA
_c1998
260 _aBUENOS AIRES
300 _a504
650 _aDICCIONARIO DE DERECHO COMUN
650 _aTERMINOS JURIDICOS
942 _c01
010 _a38830
999 _c220177
_d220177